000 00218 a2200097 4500
001 14871
100 _aBeloff max
245 _aHistory mankind and his story
260 _aLondon
_bOdham press
_c
090 _c11640
_d11640
942 _aNUST-CAE
_cM
_c1826
999 _c249944
_d249944